[Event "Regionalliga SO 9798"]
[Site "Bayern"]
[Date "1997.??.??"]
[Round "?.4"]
[White "Mittermeier, Josef"]
[Black "Peter, Christian"]
[Result "0-1"]
[WhiteElo "1985"]
[BlackElo "2050"]
[PlyCount "92"]
[EventDate "1997.10.19"]
[EventType "team-tourn"]
[EventRounds "9"]
[EventCountry "GER"]
[SourceTitle "EXT 2020"]
[Source "ChessBase"]
[SourceDate "2019.10.17"]
[SourceVersion "1"]
[SourceVersionDate "2019.10.17"]
[SourceQuality "1"]
[WhiteTeam "Dorfen PSV"]
[BlackTeam "Ebersberg Grafing"]
[WhiteTeamCountry "GER"]
[BlackTeamCountry "GER"]

1. e4 c6 2. d4 d5 3. Nc3 dxe4 4. Nxe4 Nf6 5. Nxf6+ gxf6 6. c3 Bf5 7. Ne2 h5 8. h4 Bg4 9. f3 Bf5 10. Bf4 e6 11. Ng3 Bg6 12. Bd3 Bxd3 13. Qxd3 Bd6 14. Bxd6 Qxd6 15. Ne4 Qe7 16. 0-0-0 Nd7 17. Qe3 f5 18. Ng3 Qf6 19. Ne2 Nb6 20. Nf4 0-0-0 21. Kb1 Nd5 22. Nxd5 cxd5 23. Qf4 Qh6 24. Qe5 Rhg8 25. g3 Qg6 26. f4 Qxg3 27. Qf6 Qg7 28. Qe7 Qf8 29. Qf6 Rg6 30. Qe5 Qd6 31. Qxd6 Rxd6 32. Rhg1 Rg4 33. Rxg4 fxg4 34. Re1 Rd8 35. Kc2 Rg8 36. Kd2 Kd7 37. Ke3 Ke7 38. Kf2 Kd6 39. Re5 f5 40. Kg3 b5 41. a3 a5 42. b4 axb4 43. axb4 Ra8 44. Re3 Ra1 45. Kg2 Ra2+ 46. Kg3 Rd2 0-1

[Event "Regionalliga SO 9798"]
[Site "Bayern"]
[Date "1997.??.??"]
[Round "?.4"]
[White "Schlosser, Andree"]
[Black "Mittermeier, Josef"]
[Result "1-0"]
[WhiteElo "2115"]
[BlackElo "1985"]
[PlyCount "103"]
[EventDate "1997.10.19"]
[EventType "team-tourn"]
[EventRounds "9"]
[EventCountry "GER"]
[SourceTitle "EXT 2020"]
[Source "ChessBase"]
[SourceDate "2019.10.17"]
[SourceVersion "1"]
[SourceVersionDate "2019.10.17"]
[SourceQuality "1"]
[WhiteTeam "Fuerstenfeldbruck TuS"]
[BlackTeam "Dorfen PSV"]
[WhiteTeamCountry "GER"]
[BlackTeamCountry "GER"]

1. d4 f5 2. Nf3 Nf6 3. Bf4 e6 4. e3 d5 5. c4 c6 6. Be2 Be7 7. Nc3 Nbd7 8. Qb3 Ne4 9. h3 b6 10. cxd5 exd5 11. Nxd5 cxd5 12. Qxd5 Rb8 13. Bxb8 Nxb8 14. Bb5+ Kf8 15. Qb3 Qd6 16. Rc1 Be6 17. Bc4 Qb4+ 18. Qxb4 Bxb4+ 19. Ke2 Ke7 20. Bxe6 Kxe6 21. Rc7 Nd7 22. Rhc1 a5 23. Rb7 Bd6 24. d5+ Ke7 25. Nd4 g6 26. Nc6+ Ke8 27. Nb8 Nec5 28. Nxd7 Nxb7 29. Rc8+ Nd8 30. Nxb6 Rf8 31. Nc4 Kd7 32. Ra8 Bc7 33. Ra7 Nf7 34. Nxa5 Rb8 35. Nc4 Rb5 36. a4 Rb4 37. Kd3 Kc8 38. Kc3 Rb7 39. Rxb7 Kxb7 40. b4 Nd6 41. Nxd6+ Bxd6 42. f3 Kb6 43. Kc4 h5 44. e4 fxe4 45. fxe4 h4 46. Kd4 Bxb4 47. Ke5 Kc7 48. Ke6 g5 49. e5 Kd8 50. Kf7 Bc3 51. e6 Bb4 52. a5 1-0

[Event "Regionalliga SO 9596"]
[Site "Bayern"]
[Date "1996.01.28"]
[Round "5"]
[White "Seitz, Michael"]
[Black "Mittermeier, Josef"]
[Result "1-0"]
[WhiteElo "2135"]
[BlackElo "1915"]
[PlyCount "67"]
[EventDate "1995.10.15"]
[EventType "team-tourn"]
[EventRounds "9"]
[EventCountry "GER"]
[SourceTitle "EXT 1999"]
[Source "ChessBase"]
[SourceDate "1998.11.16"]
[SourceVersion "1"]
[SourceVersionDate "1998.11.16"]
[SourceQuality "1"]
[WhiteTeam "Passau II"]
[BlackTeam "Dorfen PSV"]
[WhiteTeamCountry "GER"]
[BlackTeamCountry "GER"]

1. e4 e5 2. f4 Qf6 3. Nf3 Qxf4 4. Nc3 Bb4 5. g3 Qg4 6. Nxe5 Qxd1+ 7. Nxd1 d6 8. Nf3 Ne7 9. c3 Ba5 10. d4 0-0 11. Ne3 h6 12. Bg2 Nbc6 13. a4 Bb6 14. Nc4 a6 15. Nxb6 cxb6 16. d5 Ne5 17. Nxe5 dxe5 18. Be3 f5 19. Bxb6 fxe4 20. Bxe4 Bf5 21. Bxf5 Nxf5 22. 0-0-0 Nd6 23. Rhf1 Nc4 24. Rxf8+ Rxf8 25. Bc5 Rd8 26. b3 Nd6 27. Bxd6 Rxd6 28. c4 b5 29. axb5 axb5 30. Re1 bxc4 31. bxc4 Ra6 32. Rxe5 Ra4 33. Re4 Kf7 34. Kb2 1-0

[Event "Regionalliga SO 9596"]
[Site "Bayern"]
[Date "1996.01.14"]
[Round "4"]
[White "Mittermeier, Josef"]
[Black "Schnabel, Hans"]
[Result "1-0"]
[WhiteElo "1915"]
[BlackElo "1965"]
[PlyCount "47"]
[EventDate "1995.10.15"]
[EventType "team-tourn"]
[EventRounds "9"]
[EventCountry "GER"]
[SourceTitle "EXT 1999"]
[Source "ChessBase"]
[SourceDate "1998.11.16"]
[SourceVersion "1"]
[SourceVersionDate "1998.11.16"]
[SourceQuality "1"]
[WhiteTeam "Dorfen PSV"]
[BlackTeam "Freising SK"]
[WhiteTeamCountry "GER"]
[BlackTeamCountry "GER"]

1. e4 e6 2. d3 d5 3. Nd2 c5 4. Ngf3 Nc6 5. g3 Nf6 6. Bg2 dxe4 7. dxe4 e5 8. 0-0 Bg4 9. h3 Bh5 10. Re1 Qc7 11. c3 Rd8 12. Qe2 Be7 13. Nf1 h6 14. Ne3 0-0 15. g4 Bg6 16. Nf5 Ne8 17. h4 h5 18. Bh3 hxg4 19. Bxg4 Nf6 20. Ng5 Nh7 21. Be3 Nxg5 22. hxg5 f6 23. Nh4 Bxe4 24. Be6+ 1-0